| 000 | 00470nam a2200181Ia 4500 | ||
|---|---|---|---|
| 008 | 151119s9999||||xx |||||||||||||| ||und|| | ||
| 082 | _bGKKV18426 | ||
| 100 | _aमोहन दीप | ||
| 245 | _aरेखा ओ रेखा | ||
| 260 | _a-- | ||
| 260 | _b-- | ||
| 260 | _c0 | ||
| 600 | _aमोहन दीप | ||
| 630 | _aरेखा ओ रेखा | ||
| 700 | _aमोहन दीप | ||
| 730 | _aरेखा ओ रेखा | ||
| 942 | _cBOOK | ||
| 999 |
_c1071484 _d1071481 |
||